000 00838na a2200217 4500
001 21829
003 MIRAKIL
005 20181213155143.0
008 170208b tu 000 0
040 _aMilas
_btur
_cTR-AnCHP
041 _atur
082 _a351.7222
_bC85i 2008
090 _a351.7222 C85i 2008
110 _aCumhurbaşkanlığı
245 _a2008 mali yılı merkezi yönetim bütçe kanunu tasarısı ile 2006 mali yılı merkezi yönetim kesinhesap kanunu tasarısının plan ve bütçe komisyonu görüşme tutanakları
260 _a[Ankara]
_b[yayl. y.]
_c2007
300 _a84 s.
_c23 sm.
505 _aTürkiye Büyük Millet Meclisi, Cumhurbaşkanlığı, Sayıştay Başkanlığı, Radyo ve Televizyon Üst Kurulu
610 _aCumhurbaşkanlığı
_xBütçe Komisyonu
_yTutanaklar, 2008
942 _2ddc
_cBKS
999 _c7577
_d7577